LEADER 01430nam a2200289 a 4500 001 000000117741 003 CaOOAMICUS 005 20091030133658.0 008 091030t2009 it u000 u ita r 020 $z88-217-3064-1* 040 $aPUL$bita$dReb 100 1 $aAmendolagine, Vito.$0(OLS)http://pul/name/73509 245 10$aProcesso civile: la riforma 2009 :$bprima lettura sistematica delle novità introdotte dalla L. 18 giugno 2009, n. 69 /$cVito Amendolagine. 260 $a[S.l.] :$bIpsoa,$c©2009. 300 $aviii, 270 p. ;$c24 cm. 490 1 $aRiforma del processo civile 504 $aBibliografia in nota. 505 0 $aCommento articolo per articolo -- Risvolti applicativi -- Tavole sinottiche. 630 04$aCodice di procedura civile$zItalia.$0(OLS)http://pul/subject/19975 650 4$aProcesso civile$xRiforma.$0(OLS)http://pul/subject/35767 830 0$aRiforma del processo civile.$0(OLS)http://pul/title/136079 850 $aPUL 852 $aPUL$W1$xSL Diritto e Scienze Sociali 3$y79$m347. 45 AMEVI 1$j135115$qDDC 21$B134086$CPULBib$Z2$F134086 $H111447 $82 941 1 $a9 996 $6020$z88-217-3064-1*$9(OLS)http://pul/number/142262 996 $6245$aProcesso civile: la riforma 2009 :$bprima lettura sistematica delle novità introdotte dalla L. 18 giugno 2009, n. 69$9(OLS)http://pul/title/148212 996 $6260$a[S.l.] :$bIpsoa$9(OLS)http://pul/publisher/77155 LEADER 01093nam a2200241 a 4500 001 000000109082 003 CaOOAMICUS 005 20130930112242.0 008 080116s1916 ae u000 u fre u 040 $aPUL$bita$dLDB 100 1 $aMorand, Marcel.$0(OLS)http://pul/name/32522 245 10$aAvant-project de code présentè à la Commision de Codification du droit musulman algérien /$cpar Marcel Morand. 260 $aAlger :$bAdolphe Jourdan,$c1916. 300 $a543 p. ;$c25 cm. 504 $aBibliografia a piè pagina. 650 4$aDiritto islamico.$0(OLS)http://pul/subject/490 651 4$aAlgeria$xLegislazione.$0(OLS)http://pul/subject/33852 850 $aPUL 852 $aPUL$W1$xDP2 Diritto e Scienze Sociali 1$y65$m210 D 19$j124576$qStampati$B123342$CPULBib$Z2$F123342 $82 941 1 $a8 961 $aEx libris: Evaristi Carusi.Timbri: Biblioteca Carusi. 996 $6245$aAvant-project de code présentè à la Commision de Codification du droit musulman algérien$9(OLS)http://pul/title/137249 996 $6260$aAlger :$bAdolphe Jourdan$9(OLS)http://pul/publisher/65817